[Event "3rd GP Series, Knockout 2019"]
[Site "Hamburg GER"]
[Date "2019.11.08"]
[Round "3"]
[White "Grischuk, Alexander"]
[Black "Navara, David"]
[Result "1/2-1/2"]
[WhiteElo "2764"]
[BlackElo "2703"]
[PlyCount "78"]
[EventDate "2019.11.05"]

1. d4 Nf6 2. c4 e6 3. Nf3 d5 4. g3 Be7 5. Bg2 O-O 6. O-O dxc4 7. Qc2 a6 8. a4
Bd7 9. Qxc4 Bc6 10. Bg5 Nbd7 11. Nc3 h6 12. Bxf6 Nxf6 13. Rfd1 Bd5 14. Qd3 Bxf3
15. Bxf3 c6 16. e3 Qa5 17. Nb1 Bb4 18. Na3 Bxa3 19. Qxa3 Rad8 20. Kg2 Rfe8 21.
b4 Qf5 22. h3 h5 23. h4 e5 24. dxe5 Qxe5 25. Qb3 Ne4 26. Rxd8 Rxd8 27. Rd1 Rd2
28. Rxd2 Nxd2 29. Qd3 Nxf3 30. Kxf3 Qf6+ 31. Kg2 c5 32. bxc5 Qc6+ 33. Kg1 Qxc5
34. Qd8+ Kh7 35. a5 Qc1+ 36. Kg2 Qc6+ 37. Kg1 Qc1+ 38. Kg2 Qc6+ 39. Kg1 Qc1+
1/2-1/2

[Event "3rd GP Series, Knockout 2019"]
[Site "Hamburg GER"]
[Date "2019.11.08"]
[Round "3"]
[White "Dubov, Daniil"]
[Black "Svidler, Peter"]
[Result "1/2-1/2"]
[WhiteElo "2676"]
[BlackElo "2719"]
[PlyCount "45"]
[EventDate "2019.11.05"]

1. d4 Nf6 2. c4 g6 3. Nc3 d5 4. cxd5 Nxd5 5. e4 Nxc3 6. bxc3 Bg7 7. Bc4 c5 8.
Ne2 Nc6 9. Be3 O-O 10. O-O Qc7 11. Bf4 Qd8 12. Be3 Qc7 13. Rc1 Rd8 14. Bf4 Qd7
15. d5 Na5 16. Bd3 e6 17. c4 b5 18. cxb5 exd5 19. Qa4 Nc4 20. Bxc4 dxc4 21.
Qxc4 Qb7 22. Be3 Be6 23. Qxc5 1/2-1/2

[Event "3rd GP Series, Knockout 2019"]
[Site "Hamburg GER"]
[Date "2019.11.08"]
[Round "3"]
[White "Yu, Yangyi"]
[Black "Duda, Jan-Krzysztof"]
[Result "1/2-1/2"]
[WhiteElo "2753"]
[BlackElo "2748"]
[PlyCount "89"]
[EventDate "2019.11.05"]

1. e4 e5 2. Nf3 Nf6 3. Nxe5 d6 4. Nf3 Nxe4 5. d4 d5 6. Bd3 Bd6 7. O-O O-O 8. c4
c6 9. Re1 Bf5 10. Ng5 Re8 11. Bxe4 dxe4 12. Nc3 h6 13. Ngxe4 Bxe4 14. Nxe4
Bxh2+ 15. Kf1 f5 16. Nc5 b6 17. Nd3 Bc7 18. Bf4 Bxf4 19. Nxf4 Na6 20. Rxe8+
Qxe8 21. Qd3 Qf7 22. Re1 g5 23. Ne6 Re8 24. d5 cxd5 25. cxd5 Nc7 26. Qc4 Nxe6
27. dxe6 Qe7 28. Re5 Qd6 29. Re1 Kg7 30. Kg1 Kf6 31. Qc3+ Kg6 32. Qe3 Kf6 33.
Qh3 Kg6 34. g4 fxg4 35. Qxg4 Qf4 36. Qd1 h5 37. Qd3+ Qf5 38. Re4 Re7 39. f3 Kh6
40. Qd8 Qxf3 41. Qxe7 Qg3+ 42. Kh1 Qh3+ 43. Kg1 Qg3+ 44. Kh1 Qh3+ 45. Kg1
1/2-1/2

[Event "3rd GP Series, Knockout 2019"]
[Site "Hamburg GER"]
[Date "2019.11.09"]
[Round "4"]
[White "Vachier-Lagrave, Maxime"]
[Black "Topalov, Veselin"]
[Result "1/2-1/2"]
[WhiteElo "2777"]
[BlackElo "2736"]
[PlyCount "52"]
[EventDate "2019.11.05"]

1. e4 e6 2. d4 d5 3. exd5 exd5 4. Nf3 Bd6 5. c4 Nf6 6. c5 Be7 7. Qa4+ c6 8. Bd3
Ne4 9. O-O O-O 10. Nc3 f5 11. Ne5 Bf6 12. f4 Be6 13. Be3 Qe7 14. Rad1 Nd7 15.
Nxe4 fxe4 16. Be2 g6 17. b4 a6 18. Qb3 Kg7 19. Qc3 h5 20. a4 Kh7 21. b5 axb5
22. axb5 Bxe5 23. fxe5 Bg4 24. Bxg4 hxg4 25. Qb2 Rxf1+ 26. Rxf1 Rf8 1/2-1/2

[Event "3rd GP Series, Knockout 2019"]
[Site "Hamburg GER"]
[Date "2019.11.09"]
[Round "4"]
[White "Navara, David"]
[Black "Grischuk, Alexander"]
[Result "0-1"]
[WhiteElo "2703"]
[BlackElo "2764"]
[PlyCount "72"]
[EventDate "2019.11.05"]

1. d4 Nf6 2. c4 e6 3. Nf3 d5 4. Nc3 Bb4 5. Qa4+ Nc6 6. e3 O-O 7. Qc2 Re8 8. Bd2
Bf8 9. a3 e5 10. dxe5 Nxe5 11. cxd5 Nxf3+ 12. gxf3 Nxd5 13. Bd3 Nxc3 14. Bxc3
Qh4 15. O-O-O g6 16. Be4 Bg7 17. Qa4 Qe7 18. Bxg7 Kxg7 19. h4 Qc5+ 20. Kb1 Bf5
21. h5 b5 22. Qa6 Rxe4 23. h6+ Kf8 24. fxe4 Bxe4+ 25. Ka1 Bxh1 26. Qf6 Bc6 27.
e4 b4 28. axb4 Qb5 29. b3 a5 30. Kb2 axb4 31. Rd2 Qc5 32. Rd3 Re8 33. Qg7+ Ke7
34. Rf3 Kd8 35. Rxf7 Bxe4 36. Qf6+ Kc8 0-1

[Event "3rd GP Series, Knockout 2019"]
[Site "Hamburg GER"]
[Date "2019.11.09"]
[Round "4"]
[White "Svidler, Peter"]
[Black "Dubov, Daniil"]
[Result "1/2-1/2"]
[WhiteElo "2719"]
[BlackElo "2676"]
[PlyCount "41"]
[EventDate "2019.11.05"]

1. e4 c5 2. Nf3 Nc6 3. Bb5 g6 4. Bxc6 bxc6 5. O-O Bg7 6. Re1 Nh6 7. c3 O-O 8.
h3 f5 9. e5 Nf7 10. d4 cxd4 11. cxd4 Bb7 12. Na3 c5 13. dxc5 Qa5 14. Be3 Qb4
15. Qd4 Qxd4 16. Bxd4 Bxf3 17. gxf3 Ng5 18. Kg2 Ne6 19. Rad1 Rfc8 20. b4 Rab8
21. Nc2 1/2-1/2

[Event "GCT Bucharest (rapid) 2019"]
[Site "Bucharest ROU"]
[Date "2019.11.06"]
[Round "1"]
[White "Karjakin, Sergey"]
[Black "Korobov, Anton"]
[Result "1/2-1/2"]
[WhiteElo "2754"]
[BlackElo "2670"]
[PlyCount "81"]
[EventDate "2019.11.06"]

1. e4 c5 2. Nf3 d6 3. d4 cxd4 4. Nxd4 Nf6 5. Nc3 a6 6. Bd3 g6 7. Be3 Bg7 8. f3
b5 9. Qd2 Bb7 10. a4 b4 11. Na2 a5 12. c3 bxc3 13. Bb5+ Nbd7 14. Nxc3 O-O 15.
O-O Nc5 16. Qf2 Rc8 17. Rfd1 e5 18. Nc2 Qe7 19. Ra3 Rfd8 20. b4 axb4 21. Nxb4
d5 22. Nbxd5 Nxd5 23. Nxd5 Bxd5 24. exd5 e4 25. Ra2 exf3 26. gxf3 Nb7 27. a5
Qb4 28. Ba6 Qb3 29. Bxb7 Qxd1+ 30. Kg2 Rb8 31. a6 Qb1 32. Qc2 Rxb7 33. axb7
Qxb7 34. Qc6 Qe7 35. Ra8 Rxa8 36. Qxa8+ Bf8 37. Bh6 Qe2+ 38. Kg1 Qe1+ 39. Kg2
Qe2+ 40. Kg1 Qe1+ 41. Kg2 1/2-1/2

[Event "GCT Bucharest (rapid) 2019"]
[Site "Bucharest ROU"]
[Date "2019.11.06"]
[Round "1"]
[White "Giri, Anish"]
[Black "So, Wesley"]
[Result "1-0"]
[WhiteElo "2776"]
[BlackElo "2760"]
[PlyCount "77"]
[EventDate "2019.11.06"]

1. d4 Nf6 2. c4 e6 3. Nf3 d5 4. g3 dxc4 5. Bg2 c5 6. O-O Nc6 7. dxc5 Qxd1 8.
Rxd1 Bxc5 9. Nbd2 c3 10. bxc3 O-O 11. Nb3 Be7 12. c4 Bd7 13. Bb2 Rfd8 14. Nfd4
Rac8 15. Nb5 b6 16. Nd6 Bxd6 17. Rxd6 Be8 18. Rxd8 Nxd8 19. Rc1 Bc6 20. c5 Bxg2
21. Kxg2 Nd7 22. cxb6 Rxc1 23. Bxc1 axb6 24. Kf3 Nc6 25. Ke3 Kf8 26. Nd4 Nxd4
27. Kxd4 Ke7 28. Kc4 Kd6 29. Kb5 Kc7 30. g4 Nf6 31. Be3 Nd7 32. h4 f5 33. g5 g6
34. f4 Kb7 35. a4 Kc7 36. Bf2 Kb7 37. Bd4 Kc7 38. Bf6 h6 39. Bd8+ 1-0

[Event "GCT Bucharest (rapid) 2019"]
[Site "Bucharest ROU"]
[Date "2019.11.06"]
[Round "1"]
[White "Caruana, Fabiano"]
[Black "Aronian, Levon"]
[Result "0-1"]
[WhiteElo "2822"]
[BlackElo "2772"]
[PlyCount "98"]
[EventDate "2019.11.06"]

1. c4 Nf6 2. Nc3 e5 3. Nf3 Nc6 4. g3 Bb4 5. Bg2 O-O 6. Nd5 e4 7. Nh4 d6 8. O-O
g5 9. d4 h6 10. Be3 gxh4 11. Bxh6 Nxd5 12. cxd5 Ne7 13. Bxe4 Re8 14. Qd3 Qd7
15. Kh1 Nf5 16. Bg5 f6 17. Bxh4 Qh7 18. Rg1 Bd7 19. Qf3 Rxe4 20. Qxe4 Re8 21.
Qd3 Kf7 22. Rad1 Qh5 23. f3 Ne3 24. Rc1 Ba5 25. b4 Bb6 26. b5 Kg7 27. a4 Qxd5
28. g4 c6 29. g5 f5 30. Bf2 f4 31. bxc6 bxc6 32. Qa6 Bc8 33. Qd3 c5 34. a5 c4
35. Qa3 Bxd4 36. Rgd1 Nxd1 37. Rxd1 Bc5 38. Qa4 Qe6 39. Bxc5 dxc5 40. Re1 Bb7
41. Kg2 Bc6 42. Qc2 Qe3 43. Qf5 Qe5 44. Qg4 Qd4 45. Qf5 Qe5 46. Qg4 c3 47. h4
c2 48. Kh3 Qd4 49. Kg2 Bd7 0-1

[Event "GCT Bucharest (rapid) 2019"]
[Site "Bucharest ROU"]
[Date "2019.11.06"]
[Round "1"]
[White "Le, Quang Liem"]
[Black "Mamedyarov, Shakhriyar"]
[Result "1/2-1/2"]
[WhiteElo "2713"]
[BlackElo "2772"]
[PlyCount "109"]
[EventDate "2019.11.06"]

1. e4 e5 2. Nf3 Nc6 3. Bc4 Bc5 4. O-O Nf6 5. d3 d6 6. c3 h6 7. Re1 O-O 8. h3
Bb6 9. a4 a5 10. Na3 Ne7 11. Bb3 c6 12. Be3 Bc7 13. Qc2 d5 14. Rad1 Ng6 15.
exd5 cxd5 16. Nb5 Bf5 17. Nxc7 Qxc7 18. Qc1 Rfe8 19. d4 e4 20. Ne5 Rad8 21.
Nxg6 Bxg6 22. Bf4 Qb6 23. Ba2 Kh7 24. Be5 Nd7 25. Bxd5 Nxe5 26. dxe5 Rxe5 27.
c4 Re7 28. Qe3 Qc7 29. f3 Rde8 30. fxe4 Bxe4 31. Bxe4+ Rxe4 32. Qxe4+ Rxe4 33.
Rxe4 Qc6 34. Rd5 Qxa4 35. Kh2 Qc2 36. Rf4 Qxb2 37. Rxa5 f6 38. Rb5 Qd2 39. Rf1
Qd3 40. Rfb1 Qxc4 41. Rxb7 h5 42. Kh1 Kh6 43. Rd7 h4 44. Rd6 Qf4 45. Rbd1 g5
46. R6d3 Kg6 47. Rf3 Qe5 48. Rdf1 f5 49. Rxf5 Qxf5 50. Rxf5 Kxf5 51. Kg1 g4 52.
hxg4+ Kxg4 53. Kh2 Kg5 54. g3 hxg3+ 55. Kxg3 1/2-1/2

[Event "GCT Bucharest (rapid) 2019"]
[Site "Bucharest ROU"]
[Date "2019.11.06"]
[Round "2"]
[White "Mamedyarov, Shakhriyar"]
[Black "Artemiev, Vladislav"]
[Result "1/2-1/2"]
[WhiteElo "2772"]
[BlackElo "2731"]
[PlyCount "92"]
[EventDate "2019.11.06"]

1. d4 Nf6 2. Nf3 g6 3. c4 Bg7 4. e3 O-O 5. Be2 b6 6. O-O Bb7 7. Qc2 e6 8. b4
Qe7 9. a4 a5 10. bxa5 Rxa5 11. Nbd2 d6 12. Bb2 Nbd7 13. Nb3 Ra7 14. a5 Be4 15.
Qc3 Rfa8 16. Nfd2 Bc6 17. Ra3 Ne4 18. Nxe4 Bxe4 19. Rfa1 Qg5 20. Bf1 bxa5 21.
Rxa5 Rxa5 22. Rxa5 Rxa5 23. Qxa5 Qxa5 24. Nxa5 c5 25. f3 Ba8 26. Kf2 f5 27. Nb3
Bc6 28. Na5 Ba8 29. Nb3 Kf7 30. Ba3 Bf8 31. Be2 Be7 32. h3 Bc6 33. g4 Ba4 34.
Nc1 Bh4+ 35. Kg2 Bg5 36. f4 Be7 37. Kf2 Nf6 38. Bf3 Bc2 39. dxc5 dxc5 40. Ke2
Ne4 41. Nd3 Bb3 42. Ne5+ Ke8 43. Kd3 Nf2+ 44. Ke2 Ne4 45. Kd3 Nf2+ 46. Ke2 Ne4
1/2-1/2

[Event "GCT Bucharest (rapid) 2019"]
[Site "Bucharest ROU"]
[Date "2019.11.06"]
[Round "2"]
[White "Aronian, Levon"]
[Black "Karjakin, Sergey"]
[Result "1/2-1/2"]
[WhiteElo "2772"]
[BlackElo "2754"]
[PlyCount "108"]
[EventDate "2019.11.06"]

1. e4 e5 2. Nf3 Nc6 3. Bb5 Nf6 4. d3 Bc5 5. Bxc6 dxc6 6. Nbd2 O-O 7. O-O Re8 8.
Nc4 Nd7 9. a4 a5 10. Kh1 b6 11. b3 f6 12. Ng1 Nf8 13. f4 exf4 14. Bxf4 Ng6 15.
Bg3 Be6 16. Ne2 Qd7 17. Qd2 Bb4 18. Qc1 f5 19. exf5 Bxf5 20. Nf4 Bc3 21. Rb1
Rac8 22. Nb2 Bd4 23. Nc4 Re7 24. Qd2 Rce8 25. Rbe1 h6 26. Nxg6 Bxg6 27. Rxe7
Rxe7 28. Re1 Bf7 29. Ne5 Bxe5 30. Rxe5 c5 31. Qe3 Rxe5 32. Bxe5 c6 33. h3 Kh7
34. Kg1 Bg6 35. Bc3 Bh5 36. Qe4+ Kg8 37. g4 Bf7 38. Qe5 Bd5 39. Kf2 Qf7+ 40.
Ke1 Bg2 41. h4 Kh7 42. Qf5+ Qxf5 43. gxf5 Kg8 44. Be5 b5 45. c4 bxa4 46. bxa4
Kf7 47. Bc3 Bh3 48. f6 g5 49. hxg5 hxg5 50. Bxa5 Kxf6 51. Bd8+ Ke6 52. Bxg5 Kd7
53. Be3 Kc7 54. Bxc5 Kb7 1/2-1/2

[Event "GCT Bucharest (rapid) 2019"]
[Site "Bucharest ROU"]
[Date "2019.11.06"]
[Round "2"]
[White "So, Wesley"]
[Black "Anand, Viswanathan"]
[Result "1/2-1/2"]
[WhiteElo "2760"]
[BlackElo "2757"]
[PlyCount "95"]
[EventDate "2019.11.06"]

1. Nf3 d5 2. c4 d4 3. b4 c5 4. Bb2 Nf6 5. g3 a5 6. b5 Nbd7 7. Bg2 e5 8. O-O Bd6
9. d3 O-O 10. a4 Ra7 11. Nbd2 Re8 12. e3 b6 13. Nh4 Nf8 14. Bc6 Bd7 15. Bxd7
Rxd7 16. e4 Ng6 17. Ng2 Rf8 18. f4 exf4 19. gxf4 Ne8 20. Rf3 Nh4 21. Nxh4 Qxh4
22. Qf1 g6 23. Kh1 Ng7 24. e5 Be7 25. Ne4 f5 26. Rh3 Qg4 27. Ng3 h5 28. Ne2 h4
29. Bc1 Ne6 30. Rf3 Bd8 31. Bd2 Rg7 32. Qf2 Qh5 33. Rf1 g5 34. fxg5 Bxg5 35.
Rxf5 Rxf5 36. Qxf5 Qe8 37. Be1 Qa8+ 38. Qf3 Qxf3+ 39. Rxf3 Be7 40. Rf2 Rg5 41.
Rg2 Kf7 42. Rxg5 Bxg5 43. Kg2 Kg6 44. Kf3 Kf5 45. h3 Bd8 46. Bd2 Bg5 47. Be1
Bd8 48. Bd2 1/2-1/2

[Event "GCT Bucharest (rapid) 2019"]
[Site "Bucharest ROU"]
[Date "2019.11.06"]
[Round "2"]
[White "Giri, Anish"]
[Black "Caruana, Fabiano"]
[Result "1/2-1/2"]
[WhiteElo "2776"]
[BlackElo "2822"]
[PlyCount "135"]
[EventDate "2019.11.06"]

1. d4 e6 2. c4 Bb4+ 3. Bd2 a5 4. a3 Be7 5. Nc3 d5 6. Nf3 Nf6 7. Bf4 O-O 8. e3
b6 9. Bd3 dxc4 10. Bxc4 Bb7 11. O-O Nbd7 12. Qe2 Nd5 13. Bg3 Nxc3 14. bxc3 a4
15. e4 Nf6 16. Bd3 Nh5 17. Be5 Ra5 18. Rfd1 Qd7 19. h3 Bd6 20. Qe3 Qe7 21. Bxd6
cxd6 22. Rdb1 Qc7 23. Nd2 Ra7 24. e5 dxe5 25. dxe5 Ra5 26. Re1 Rd8 27. Bf1 Rc5
28. c4 g6 29. Rab1 Ng7 30. g4 Ne8 31. Bg2 Bxg2 32. Kxg2 Kg7 33. Rb4 Qd7 34. Re2
Qc6+ 35. Qf3 Qxf3+ 36. Nxf3 Nc7 37. Rxa4 b5 38. cxb5 Rxb5 39. Rc4 Nd5 40. a4
Rb3 41. Ra2 h6 42. h4 Ra8 43. Nd2 Rd3 44. a5 g5 45. hxg5 hxg5 46. Kf1 Nf4 47.
a6 Rh8 48. Rxf4 gxf4 49. Ke2 Rd5 50. Nc4 Rb5 51. Kf3 Rb3+ 52. Ke4 Rb4 53. Kd3
Rc8 54. Nd6 Ra8 55. Kc3 Rb6 56. a7 f6 57. Kc4 fxe5 58. Kc5 Rb1 59. Nb5 Rc1+ 60.
Kb6 e4 61. Nc7 Rc8 62. Nxe6+ Kf6 63. Nxf4 Rb1+ 64. Ka6 Ke5 65. Ng2 Rc6+ 66. Ka5
Rc5+ 67. Ka6 Rc6+ 68. Ka5 1/2-1/2

[Event "GCT Bucharest (rapid) 2019"]
[Site "Bucharest ROU"]
[Date "2019.11.06"]
[Round "2"]
[White "Korobov, Anton"]
[Black "Le, Quang Liem"]
[Result "1/2-1/2"]
[WhiteElo "2670"]
[BlackElo "2713"]
[PlyCount "81"]
[EventDate "2019.11.06"]

1. d4 d5 2. Bg5 Nf6 3. Bxf6 exf6 4. e3 Bd6 5. c4 dxc4 6. Bxc4 f5 7. Nc3 Nd7 8.
Nf3 O-O 9. O-O c6 10. a3 Qe7 11. Qc2 Nf6 12. h3 g6 13. b4 Bd7 14. Rab1 b5 15.
Ba2 a5 16. Qb2 Ra7 17. Rfd1 axb4 18. axb4 Rfa8 19. d5 c5 20. bxc5 Bxc5 21. Bb3
b4 22. Ne2 Bd6 23. Nfd4 Qe5 24. g3 Ne4 25. Nc6 Qxb2 26. Rxb2 Ra1 27. Rxa1 Rxa1+
28. Kg2 Nc3 29. Nxc3 bxc3 30. Rc2 Bxc6 31. dxc6 Bb4 32. Kf3 Kf8 33. Ke2 Ke7 34.
Kd3 Ba5 35. h4 Rd1+ 36. Kc4 Kd6 37. Kb5 Rb1 38. Kxa5 Rxb3 39. Ka4 Rb6 40. Rxc3
Rxc6 41. Kb3 1/2-1/2

[Event "GCT Bucharest (rapid) 2019"]
[Site "Bucharest ROU"]
[Date "2019.11.06"]
[Round "3"]
[White "Karjakin, Sergey"]
[Black "Giri, Anish"]
[Result "0-1"]
[WhiteElo "2754"]
[BlackElo "2776"]
[PlyCount "76"]
[EventDate "2019.11.06"]

1. e4 c5 2. Nf3 d6 3. d4 cxd4 4. Nxd4 Nf6 5. Nc3 a6 6. Be3 e5 7. Nf3 Be7 8. Bc4
Be6 9. Bb3 Nbd7 10. O-O Rc8 11. Nh4 Nc5 12. Bxc5 Rxc5 13. Re1 Qd7 14. g3 O-O
15. Ng2 Bd8 16. Qd3 Ba5 17. Rad1 Rd8 18. Re3 Bxc3 19. bxc3 b5 20. Qe2 Qc6 21.
Qe1 h6 22. f3 Rc8 23. Rdd3 Bc4 24. Bxc4 Rxc4 25. h4 a5 26. Kh2 Qc5 27. g4 b4
28. g5 hxg5 29. hxg5 Nh5 30. Rd5 Qc7 31. cxb4 axb4 32. Re2 g6 33. Ne3 Nf4 34.
Nxc4 Qxc4 35. Rdd2 Kg7 36. Re3 Qxa2 37. c4 Qxc4 38. Kg1 Qc5 0-1

[Event "GCT Bucharest (rapid) 2019"]
[Site "Bucharest ROU"]
[Date "2019.11.06"]
[Round "3"]
[White "Artemiev, Vladislav"]
[Black "Korobov, Anton"]
[Result "0-1"]
[WhiteElo "2731"]
[BlackElo "2670"]
[PlyCount "126"]
[EventDate "2019.11.06"]

1. Nf3 d5 2. g3 g6 3. Bg2 Bg7 4. d4 Nf6 5. O-O c6 6. b3 O-O 7. Bb2 Bf5 8. c4
Ne4 9. e3 Nd7 10. Qe2 a5 11. Nc3 Nxc3 12. Bxc3 Qb6 13. Rfc1 Rfe8 14. cxd5 cxd5
15. Ne5 Nf6 16. Be1 Ne4 17. g4 Be6 18. h3 f6 19. Nd3 Bf7 20. Nc5 Nd6 21. Rd1
Qa7 22. Rac1 b6 23. Na4 Rac8 24. Bf1 b5 25. Rxc8 Rxc8 26. Nc5 e5 27. Qd2 b4 28.
Rc1 Bh6 29. Qb2 exd4 30. Qxd4 Bg7 31. Ne6 Qxd4 32. Rxc8+ Nxc8 33. Nxd4 Ne7 34.
Bb5 f5 35. f3 f4 36. Kf2 Bxd4 37. exd4 g5 38. Ke2 Kf8 39. h4 h6 40. Bd7 Be8 41.
Be6 Kg7 42. hxg5 hxg5 43. Bf5 Nxf5 44. gxf5 Bb5+ 45. Kd1 Kf6 46. a3 bxa3 47.
Bxa5 a2 48. Bc3 Kxf5 49. Ke1 Ba6 50. Kf2 Bd3 51. Bb2 Bc2 52. b4 Bd3 53. Bc3 Ke6
54. Ke1 Kd7 55. Kd2 Bg6 56. b5 Bh5 57. Kc2 Bxf3 58. Kb2 Be2 59. b6 Bc4 60. Bb4
Kc6 61. Be7 g4 62. Bg5 f3 63. Bh4 Kxb6 0-1

[Event "GCT Bucharest (rapid) 2019"]
[Site "Bucharest ROU"]
[Date "2019.11.06"]
[Round "3"]
[White "Caruana, Fabiano"]
[Black "So, Wesley"]
[Result "1-0"]
[WhiteElo "2822"]
[BlackElo "2760"]
[PlyCount "71"]
[EventDate "2019.11.06"]

1. e4 e5 2. Nf3 Nc6 3. Bc4 Bc5 4. c3 Nf6 5. d3 d6 6. O-O a6 7. a4 O-O 8. Re1
Ba7 9. h3 Kh8 10. d4 Ng8 11. b4 exd4 12. cxd4 Nxb4 13. a5 f6 14. Nc3 Ne7 15.
Ne2 d5 16. exd5 Nbxd5 17. Ba3 Re8 18. Ng3 Bd7 19. Qb3 Bc6 20. Re4 b5 21. axb6
Nxb6 22. Bxe7 Rxe7 23. Rxe7 Qxe7 24. Bxa6 Bd5 25. Qc3 Rd8 26. Re1 Qd7 27. Qc5
Qc6 28. Qe7 Qd7 29. Nh4 Bf7 30. Bb5 Qxe7 31. Rxe7 Bd5 32. Nh5 Nc8 33. Rxg7 Bxd4
34. Bd3 Bg8 35. Nf5 Nd6 36. Nxd4 1-0

[Event "GCT Bucharest (rapid) 2019"]
[Site "Bucharest ROU"]
[Date "2019.11.06"]
[Round "3"]
[White "Le, Quang Liem"]
[Black "Aronian, Levon"]
[Result "1/2-1/2"]
[WhiteElo "2713"]
[BlackElo "2772"]
[PlyCount "109"]
[EventDate "2019.11.06"]

1. e4 e5 2. Nf3 Nc6 3. Bc4 Nf6 4. d3 Bc5 5. O-O d6 6. c3 O-O 7. h3 Bb6 8. Re1
Ne7 9. d4 Ng6 10. Nbd2 c6 11. Bf1 Re8 12. a4 d5 13. dxe5 Nxe5 14. exd5 Nxf3+
15. Nxf3 Rxe1 16. Qxe1 Qxd5 17. c4 Qe6 18. a5 Bc5 19. Bd2 a6 20. Bc3 Qxe1 21.
Rxe1 Bd7 22. Bd3 Rd8 23. Bc2 Be6 24. b3 h6 25. Kf1 Kf8 26. Re2 Ng8 27. Rd2 Rxd2
28. Nxd2 Nf6 29. Nf3 Ne8 30. Nd4 Bd7 31. Nf5 h5 32. Ng3 g6 33. Ne4 Be7 34. Ke2
Bf5 35. Bd3 Nc7 36. Nf6 Bxd3+ 37. Kxd3 Ne6 38. g3 Nc5+ 39. Kc2 Bxf6 40. Bxf6
Ne4 41. Bd4 Ng5 42. h4 Ne6 43. Bf6 Nc5 44. b4 Nd7 45. Bd4 Ke7 46. Kd3 Kd6 47.
Be3 c5 48. b5 Ne5+ 49. Kc3 Ng4 50. Bf4+ Ke6 51. f3 Nh2 52. Be3 Kd6 53. Bf4+ Ke6
54. Be3 Kd6 55. Bf4+ 1/2-1/2

[Event "GCT Bucharest (rapid) 2019"]
[Site "Bucharest ROU"]
[Date "2019.11.06"]
[Round "3"]
[White "Anand, Viswanathan"]
[Black "Mamedyarov, Shakhriyar"]
[Result "1/2-1/2"]
[WhiteElo "2757"]
[BlackElo "2772"]
[PlyCount "99"]
[EventDate "2019.11.06"]

1. e4 e5 2. Nf3 Nc6 3. Bc4 Bc5 4. O-O Nf6 5. d3 d6 6. c3 h6 7. Re1 O-O 8. h3
Bb6 9. a4 a5 10. Nbd2 Ne7 11. Bb3 c6 12. d4 Ng6 13. Bc2 Re8 14. Nf1 d5 15. Nxe5
Nxe5 16. dxe5 Nxe4 17. Bxe4 dxe4 18. Qh5 g6 19. Qxh6 Rxe5 20. Ng3 Qe8 21. Bf4
Re6 22. Rad1 Bd7 23. Be3 c5 24. b3 Bc6 25. c4 Rd8 26. Ne2 Rd7 27. Qg5 Qe7 28.
Rxd7 Bxd7 29. Rd1 Qxg5 30. Bxg5 Bc6 31. Be3 Kf8 32. Nc3 f5 33. h4 Ke8 34. g3
Re5 35. Kf1 Bc7 36. Bf4 Re7 37. Bxc7 Rxc7 38. Ke2 Ke7 39. Ke3 Ke6 40. Ne2 Ke5
41. Nf4 Rg7 42. Rd8 g5 43. hxg5 Rxg5 44. Ra8 Kd6 45. Rxa5 Rg8 46. Ne2 Rd8 47.
Nf4 Rh8 48. Ne2 Rd8 49. Nf4 Rh8 50. Ne2 1/2-1/2

[Event "GCT Bucharest (rapid) 2019"]
[Site "Bucharest ROU"]
[Date "2019.11.07"]
[Round "4"]
[White "So, Wesley"]
[Black "Mamedyarov, Shakhriyar"]
[Result "1-0"]
[WhiteElo "2760"]
[BlackElo "2772"]
[PlyCount "145"]
[EventDate "2019.11.06"]

1. c4 Nf6 2. Nc3 e5 3. g3 Bb4 4. e4 Bxc3 5. dxc3 d6 6. f3 a5 7. Nh3 O-O 8. Nf2
Be6 9. Bd3 Nbd7 10. Qe2 c6 11. O-O Re8 12. Rd1 Qc7 13. Bc2 h6 14. f4 b5 15.
cxb5 cxb5 16. f5 Bc4 17. Qd2 b4 18. b3 Ba6 19. c4 Qa7 20. Qe3 Qc7 21. g4 Bb7
22. h4 d5 23. g5 hxg5 24. hxg5 Nxe4 25. Bxe4 dxe4 26. Qh3 e3 27. Bxe3 Rad8 28.
f6 Qc6 29. Rd5 Nxf6 30. gxf6 Qxf6 31. Rxd8 Rxd8 32. Rf1 Qg6+ 33. Kh2 Rd6 34.
Rg1 Qc2 35. Qh4 Qf5 36. c5 Rf6 37. Rg5 Qe6 38. Rh5 Kf8 39. Bg5 Qd5 40. Rh8+ Ke7
41. Bxf6+ gxf6 42. Rg8 Qxc5 43. Rg4 Bd5 44. Rg1 Qc2 45. Rd1 Bf3 46. Rd3 e4 47.
Re3 Qd2 48. Rxe4+ Bxe4 49. Qxe4+ Kf8 50. Qa8+ Ke7 51. Qe4+ Kf8 52. Qa8+ Ke7 53.
Qa7+ Kf8 54. Qb8+ Kg7 55. Qg3+ Kf8 56. Kh3 Qxa2 57. Ne4 Qa1 58. Qd6+ Kg7 59.
Ng3 Qe5 60. Qd3 Qe6+ 61. Kh4 Qe1 62. Kg4 Qg1 63. Kf3 Qc5 64. Nf5+ Kg6 65. Ne3+
Kg7 66. Nf5+ Kg6 67. Nd6+ Kg7 68. Ne8+ Kf8 69. Qd6+ Qxd6 70. Nxd6 Ke7 71. Nc4
Ke6 72. Nxa5 Kd5 73. Kf4 1-0

[Event "GCT Bucharest (rapid) 2019"]
[Site "Bucharest ROU"]
[Date "2019.11.07"]
[Round "4"]
[White "Aronian, Levon"]
[Black "Artemiev, Vladislav"]
[Result "1/2-1/2"]
[WhiteElo "2772"]
[BlackElo "2731"]
[PlyCount "76"]
[EventDate "2019.11.06"]

1. e4 c5 2. Nf3 e6 3. g3 Nc6 4. Bg2 Nf6 5. Qe2 Be7 6. O-O O-O 7. e5 Nd5 8. c4
Nc7 9. b3 b6 10. Bb2 Bb7 11. Rd1 Qc8 12. d4 cxd4 13. Nxd4 Nxd4 14. Rxd4 Bxg2
15. Kxg2 f6 16. Rd3 fxe5 17. Bxe5 Qb7+ 18. f3 Na6 19. Nc3 Nb4 20. Rd2 Bg5 21.
Ne4 Bxd2 22. Qxd2 Nc6 23. Nd6 Qc7 24. Bc3 Ne7 25. Qg5 Ng6 26. Rd1 Qc6 27. Qg4
Qc5 28. f4 Qc6+ 29. Kg1 Qc5+ 30. Kf1 Qc6 31. h4 Qh1+ 32. Kf2 Qh2+ 33. Ke3 Qg2
34. Qg5 Qc2 35. Rd3 Qc1+ 36. Kf2 Qc2+ 37. Ke3 Qc1+ 38. Kf2 Qc2+ 1/2-1/2

[Event "GCT Bucharest (rapid) 2019"]
[Site "Bucharest ROU"]
[Date "2019.11.07"]
[Round "4"]
[White "Giri, Anish"]
[Black "Le, Quang Liem"]
[Result "1-0"]
[WhiteElo "2776"]
[BlackElo "2713"]
[PlyCount "79"]
[EventDate "2019.11.06"]

1. e4 c5 2. Nf3 Nc6 3. Bb5 g6 4. O-O Bg7 5. Bxc6 bxc6 6. Re1 Nh6 7. c3 O-O 8.
h3 f5 9. e5 Nf7 10. d4 cxd4 11. cxd4 c5 12. dxc5 Bb7 13. Na3 Qc7 14. Be3 Bxf3
15. Qxf3 Nxe5 16. Qg3 Qb7 17. Bf4 Nc6 18. Nc4 Bd4 19. Qf3 Qb4 20. Rac1 Bxc5 21.
Bd2 Qb5 22. a4 Bxf2+ 23. Qxf2 Qxa4 24. Ne5 Nxe5 25. Rxe5 e6 26. Ra5 Qb3 27. Rc7
Qxb2 28. Rxd7 a6 29. Qe3 Rf7 30. Qxe6 Qb1+ 31. Kh2 Qb8+ 32. Re5 Qxe5+ 33. Qxe5
Rxd7 34. Bc3 Rad8 35. Qh8+ Kf7 36. Qxh7+ Ke6 37. Qxg6+ Kd5 38. Qxa6 Rf8 39.
Qb5+ Ke6 40. Qc6+ 1-0

[Event "GCT Bucharest (rapid) 2019"]
[Site "Bucharest ROU"]
[Date "2019.11.07"]
[Round "4"]
[White "Korobov, Anton"]
[Black "Anand, Viswanathan"]
[Result "1-0"]
[WhiteElo "2670"]
[BlackElo "2757"]
[PlyCount "53"]
[EventDate "2019.11.06"]

1. d4 Nf6 2. c4 e6 3. Nf3 d5 4. Nc3 Bb4 5. Bg5 h6 6. Bxf6 Qxf6 7. Qa4+ Nc6 8.
e3 O-O 9. Rd1 Rd8 10. Qb3 Qe7 11. a3 dxc4 12. Qxc4 Bd6 13. Bd3 e5 14. d5 Nb8
15. g4 Nd7 16. Rg1 Nc5 17. Bb1 b5 18. Nxb5 a5 19. g5 h5 20. g6 f5 21. Ng5 Qf6
22. Nf7 Ba6 23. Rg5 e4 24. Qe2 Bxb5 25. Qxh5 Kf8 26. Rxf5 Qxb2 27. Ne5+ 1-0